Lógica, Etica y Dialéctica en los refranes populares

Guardat en:
Dades bibliogràfiques
Autor principal: Moreno, Alexander (autor)
Format: Llibre
Idioma:espanyol
Publicat: Universidad Pedagógica Experimental Libertador 2011
Matèries:
Etiquetes: Afegir etiqueta
Sense etiquetes, Sigues el primer a etiquetar aquest registre!

MARC

LEADER 00000cam a2200000 a 4500
001 UCF3667
003 CL-VaPUC
008 121025e20110000VE |||||||||||||||||spa|d
082 0 4 |a 808.882  |b MOR  |2 21 
100 |a Moreno, Alexander  |e autor  |9 565410 
245 1 0 |a Lógica, Etica y Dialéctica en los refranes populares 
300 |a 179 p 
942 |c BK 
945 |d 20121025 00:00:00  |a dcastane 
260 |b Universidad Pedagógica Experimental Libertador  |c 2011 
650 7 |a REFRANES  |2 CL-VaPUC  |9 373405 
650 7 |a MODISMOS  |2 CL-VaPUC  |9 416810 
650 0 |a Proverbios   |9 269154 
650 0 |a Dialéctica  |9 257902 
583 |a last modification  |c 20121025 12:11:00  |k Rodrigo Vera 
999 |c 349857  |d 349855 
952 |0 0  |1 0  |4 0  |6 808_882000000000000_MOR_2011  |7 0  |8 A  |9 452709  |a BIBEDU  |b BIBEDU  |d 2019-11-22  |i 4917820  |o 808.882 MOR 2011  |p 4917820  |r 2019-11-22  |w 2019-11-22  |y BK  |k EDU